书目信息 |
| 题名: |
资本运营核心指导
|
|
| 作者: | 王江涛 , 鲁原 编著 | |
| 分册: | ||
| 出版信息: | 北京 兵器工业出版社 1997 |
|
| 页数: | 339页 | |
| 开本: | 20cm | |
| 丛书名: | ||
| 单 册: | ||
| 中图分类: | F275.1 | |
| 科图分类: | 29.1547 | |
| 主题词: | 资本经营-企业管理 , 企业管理-资本经营 | |
| 电子资源: | ||
| ISBN: | 7-80132-394-7 | |
| 000 | 00738nam0 2200253 45 | |
| 001 | 0198008347 | |
| 005 | 20070721091421.20 | |
| 010 | @a7-80132-394-7@dCNY19.80 | |
| 100 | @a19980205d1997 em y0chiy0121 ea | |
| 101 | 0 | @achi |
| 102 | @aCN@b110000 | |
| 105 | @ay z 000yy | |
| 200 | 10 | @a资本运营核心指导@Azi ben yun ying he xin zhi dao@f王江涛,鲁原编著 |
| 210 | @a北京@c兵器工业出版社@d1997 | |
| 215 | @a339页@d20cm | |
| 510 | 1 | @aThe core of capital administration direct@zeng |
| 606 | @a资本经营-企业管理 | |
| 606 | @a企业管理-资本经营 | |
| 690 | @aF275.1@v3 | |
| 692 | @a29.1547@v2 | |
| 701 | 0 | @a王江涛@Awang jiang tao@4编著 |
| 701 | 0 | @a鲁原@Alu yuan@4编著 |
| 801 | 0 | @aCN@bTSSF@c20070721 |
| 905 | @a10447@dF275.1@e590 | |
| 资本运营核心指导/王江涛,鲁原编著.-北京:兵器工业出版社,1997 |
| 339页;20cm |
| ISBN 7-80132-394-7:CNY19.80 |
| ● |
| 相关链接 |
|
|
|
|
正题名:资本运营核心指导
索取号:F275.1/590
 
预约/预借
| 序号 | 登录号 | 条形码 | 馆藏地/架位号 | 状态 | 备注 |
| 1 | 0770027 | 207700273 | 第一样本阅览室/ [索取号:F275.1/590] | 在馆 |